Most Played Songs of All Time - Statistics

General Stats
  • This quiz has been taken 51 times
  • The average score is 8 of 15
Answer Stats
Hint Answer % Correct
Ed Sheeran Shape of You
84%
The Weeknd Blinding Lights
80%
Imagine Dragons Believer
65%
Tones and I Dance Monkey
65%
Harry Styles As it Was
61%
The Kid Laroi and Justin Bieber Stay
61%
Glass Animals Heat Waves
59%
Ed Sheeran Perfect
55%
Post Malone and Swae Lee Sunflower
53%
The Neighbourhood Sweater Weather
49%
Lewis Capaldi Someone You Loved
45%
Post Malone featuring 21 Savage Rockstar
43%
The Weeknd featuring Daft Punk Starboy
39%
Billie Eilish and Khalid Lovely
37%
Drake featuring Wizkid and Kyla One Dance
37%
No matching quizzes found
Score Distribution
Percent of People with Each Score
Percentile by Number Answered
Your Score History
You have not taken this quiz